[Event "Wiesbaden op 31st"]
[Site "Wiesbaden"]
[Date "2019.08.25"]
[Round "7"]
[White "Raima, Jan"]
[Black "Machwirth, Ernst"]
[Result "0-1"]
[WhiteElo "1363"]
[BlackElo "1388"]
[PlyCount "230"]
[EventDate "2019.08.22"]
[EventType "swiss"]
[EventRounds "7"]
[EventCountry "GER"]
[SourceTitle "EXT 2020"]
[Source "ChessBase"]
[SourceDate "2019.10.17"]
[SourceVersion "1"]
[SourceVersionDate "2019.10.17"]
[SourceQuality "1"]

1. b4 e5 2. Bb2 d6 3. c4 Nf6 4. a3 Be6 5. e3 Nbd7 6. Be2 Nb6 7. Qc2 Qd7 8. Nf3 Na4 9. Nc3 Nxb2 10. Qxb2 c6 11. 0-0 h6 12. d4 e4 13. Nd2 d5 14. cxd5 cxd5 15. Bb5 Bd6 16. Bxd7+ Bxd7 17. Qb3 Be6 18. Nb5 Bb8 19. Qa4 Bd7 20. Rfc1 0-0 21. Nb1 a6 22. Qb3 Bxb5 23. Nc3 Bc4 24. Qd1 Bd6 25. Na4 b5 26. Nb6 Rab8 27. Nxc4 bxc4 28. Rc3 Rb6 29. h3 Rc8 30. g3 g6 31. Kg2 h5 32. h4 Kg7 33. Qh1 Rc7 34. Qc1 Rcb7 35. Qc2 Rc6 36. Qa4 Rcb6 37. Rb1 Kf8 38. Qd1 Ke7 39. Ra1 Rc7 40. Kg1 Kd8 41. Ra2 Rbc6 42. Qc1 Nd7 43. Qb2 f5 44. Kg2 Nf6 45. Qa1 Rb7 46. Rb2 Rcb6 47. Rcc2 Nd7 48. Kh2 Ke7 49. Qa2 Rc7 50. Qa1 Rbb7 51. Qd1 Nf6 52. Rc3 Ng4+ 53. Kg2 Rb6 54. Kg1 Ke6 55. Qa4 Nf6 56. Qa5 Rcb7 57. Qa4 Ke7 58. Kg2 Ne8 59. Ra2 Nc7 60. Rcc2 Nb5 61. Rc1 Rc7 62. Qc2 Na7 63. Kf1 Ke6 64. Qa4 Ke7 65. Kg2 Nb5 66. Qc2 Na7 67. Qd1 Ke6 68. Qh1 Rcb7 69. Kh3 Rc7 70. f3 exf3 71. Qxf3 Rf7 72. Re1 Rf8 73. Qd1 Nb5 74. Ra1 Nc3 75. Qc1 Ne4 76. Rg1 Rc8 77. Ra2 Kf6 78. Rb2 Rcb8 79. Rgg2 Rc8 80. Qc2 Rc7 81. Qa4 Ke7 82. Qa5 Rcc6 83. Qxd5 Nf6 84. Qf3 Rc8 85. Rg1 Ke6 86. Rgb1 Ne4 87. Rg1 a5 88. Rgb1 c3 89. Rc2 axb4 90. axb4 Nd2 91. Rxd2 cxd2 92. Rd1 Bxb4 93. Qe2 Rc2 94. Kg2 Rbc6 95. Kf3 R6c4 96. Kf2 Rc1 97. Rxd2 Bxd2 98. Qxd2 R4c2 99. Ke2 Rxd2+ 100. Kxd2 Rg1 101. Kc3 Kd5 102. Kd3 Rxg3 103. Ke2 Rh3 104. Kf2 Rxh4 105. Kg3 Re4 106. Kf3 h4 107. Kf2 g5 108. Kf3 g4+ 109. Kg2 Rxe3 110. Kf2 Kxd4 111. Kf1 g3 112. Kg2 f4 113. Kg1 Re2 114. Kf1 f3 115. Kg1 Re1# 0-1

[Event "Wiesbaden op 31st"]
[Site "Wiesbaden"]
[Date "2019.08.22"]
[Round "1"]
[White "Raima, Jan"]
[Black "Zimmer, Gerald"]
[Result "0-1"]
[WhiteElo "1363"]
[BlackElo "1952"]
[PlyCount "58"]
[EventDate "2019.08.22"]
[EventType "swiss"]
[EventRounds "7"]
[EventCountry "GER"]
[SourceTitle "EXT 2020"]
[Source "ChessBase"]
[SourceDate "2019.10.17"]
[SourceVersion "1"]
[SourceVersionDate "2019.10.17"]
[SourceQuality "1"]

1. b4 b6 2. a3 Bb7 3. c4 Nf6 4. Bb2 g6 5. e3 Bg7 6. Nf3 0-0 7. Be2 c5 8. b5 d5 9. a4 a6 10. d3 axb5 11. axb5 Rxa1 12. Bxa1 Nbd7 13. 0-0 Qa8 14. Nbd2 Qa2 15. Re1 Ra8 16. Qb3 e6 17. Qxa2 Rxa2 18. h3 e5 19. Rd1 Ne8 20. e4 d4 21. Kf1 Nd6 22. Rb1 f5 23. Rd1 fxe4 24. dxe4 Nxe4 25. Nxe4 Bxe4 26. Ne1 Bf5 27. g4 Be6 28. Nd3 Bxc4 29. Bb2 Bxd3 0-1